书目信息 |
| 题名: |
电路设计工程计算基础
|
|
| 作者: | 武晔卿 , 李东伟 , 石小兵 著 | |
| 分册: | ||
| 出版信息: | 北京 电子工业出版社 2018.07 |
|
| 页数: | 223页 | |
| 开本: | 26cm | |
| 丛书名: | 电子工程师入门·实践·提高系列丛书 | |
| 单 册: | ||
| 中图分类: | TM02 | |
| 科图分类: | ||
| 主题词: | 电路设计--工程计算 | |
| 电子资源: | ||
| ISBN: | 978-7-121-34371-1 | |
| 000 | 01089oam2 2200265 450 | |
| 001 | 4276 | |
| 005 | 20181011090621.35 | |
| 010 | @a978-7-121-34371-1@dCNY59.00 | |
| 100 | @a20180913d2018 em y0chiy50 ea | |
| 101 | 0 | @achi |
| 102 | @aCN@b110000 | |
| 105 | @aa z 000yy | |
| 200 | 1 | @a电路设计工程计算基础@9dian lu she ji gong cheng ji suan ji chu@f武晔卿,李东伟,石小兵著 |
| 210 | @a北京@c电子工业出版社@d2018.07 | |
| 215 | @a223页@c图@d26cm | |
| 225 | 2 | @a电子工程师入门·实践·提高系列丛书 |
| 330 | @a本书以数学为工具,以器件数据手册里的参数为基础,从电路故障的本质机理(电压容限、过渡过程等)、成因(高频特性、分布参数等)、参数计算公式等方面展开讲解。全书共分为5章,分别是电子工程数学基础、系统设计通用计算技术、分立元器件应用计算、集成元器件应用计算和电子产品统计过程控制(SPC)。 | |
| 461 | 0 | @12001 @a电子工程师入门·实践·提高系列丛书 |
| 606 | 0 | @a电路设计@x工程计算 |
| 690 | @aTM02@v5 | |
| 701 | 0 | @a武晔卿@9wu ye qing@4著 |
| 701 | 0 | @a李东伟@9li dong wei@4著 |
| 701 | 0 | @a石小兵@9shi xiao bing@4著 |
| 801 | 0 | @aCN@b91MARC@c20180913 |
| 905 | @aMuseLib@dTM02@e33 | |
| 电路设计工程计算基础/武晔卿,李东伟,石小兵著.-北京:电子工业出版社,2018.07 |
| 223页:图;26cm.-(电子工程师入门·实践·提高系列丛书) |
| ISBN 978-7-121-34371-1:CNY59.00 |
| 本书以数学为工具,以器件数据手册里的参数为基础,从电路故障的本质机理(电压容限、过渡过程等)、成因(高频特性、分布参数等)、参数计算公式等方面展开讲解。全书共分为5章,分别是电子工程数学基础、系统设计通用计算技术、分立元器件应用计算、集成元器件应用计算和电子产品统计过程控制(SPC)。 |
| ● |
| 相关链接 |
|
|
|
|
正题名:电路设计工程计算基础
索取号:TM02/33
 
预约/预借
| 序号 | 登录号 | 条形码 | 馆藏地/架位号 | 状态 | 备注 |
| 1 | 1124371 | 211243714 | 第二样本阅览室/ [索取号:TM02/33] | 在馆 | |
| 2 | 1124372 | 211243723 | 第三借阅区/ [索取号:TM02/33] | 在馆 | |
| 3 | 1124373 | 211243732 | 第三借阅区/ [索取号:TM02/33] | 在馆 | |
| 4 | 1124374 | 211243741 | 第三借阅区/ [索取号:TM02/33] | 在馆 | |
| 5 | 1124375 | 211243750 | 密集书库-物理学院/ [索取号:TM02/33] | 在馆 |